00493nmm a2200145Ia 4500008004100000020001800041041000800059100002900067245007500096264006900171300001800240490001600258650002300274856005000297251105s9999||||xx |||||||||||||||||und|| a9788477331377 aspa aAgudo Catalán, Manuela 0aEl romanticismo en Aragón (1838-1854). Literatura, prensa y sociedad a[Madrid, España] :bPrensas Universitarias de Zaragoza, c2008 a333 páginas aHumanidades aSpanish literature uhttps://public.digitaliapublishing.com/a/2159